Sports Quiz

Random Sports or Baseball Quiz

American League Cities Quiz Stats

 Plays Quiz not verified by Sporcle

Challenge
Share
Tweet
Embed
Score 0/18 Timer 06:00
0 Plays Today
City % Correct
New York
100%
Boston
98.7%
Los Angeles
98.7%
Baltimore
96.8%
Seattle
96.8%
Chicago
96.1%
Arlington
95.5%
St. Petersburg
94.8%
Cleveland
94.2%
City % Correct
Detroit
92.9%
Kansas City
92.3%
Oakland
92.3%
Toronto
89.7%
Minneapolis
87.7%
Washington
74.2%
Milwaukee
72.9%
Philadelphia
69%
St. Louis
63.2%

You're not logged in!

Compare scores with friends on all Sporcle quizzes.
OR
Log In

You Might Also Like...

Show Comments

Extras

Top Quizzes Today


Score Distribution

Your Account Isn't Verified!

In order to create a playlist on Sporcle, you need to verify the email address you used during registration. Go to your Sporcle Settings to finish the process.

Report this User

Report this user for behavior that violates our Community Guidelines.

Details: